| 000 | 00813nam a22002417a 4500 | ||
|---|---|---|---|
| 005 | 20170124110059.0 | ||
| 010 | _aB-107559 | ||
| 020 | _a0070530718 | ||
| 035 | _aB-107559 | ||
| 037 | _bCen Lib/Ret | ||
| 040 |
_aDPL _bEN |
||
| 082 |
_a515.35 _bSIM |
||
| 100 |
_aSimmons, George F. _926865 |
||
| 245 |
_aDifferential equations with applications and historical notes / _cby George F. Simmons [and] John S. Robertson |
||
| 250 | _a2nd ed | ||
| 260 |
_aNew Delhi _bTata Mcgraw-hill publishing company _c1991 |
||
| 270 |
_bNew Delhi _a7 West Patel Nagar _e110008 |
||
| 300 |
_axx, 629P. : _c21cm(Hb) |
||
| 650 |
_aDifferential equations _920257 |
||
| 650 |
_aDifferential equations _vhistorical notes _926866 |
||
| 700 |
_aRobertson, John S. _926867 |
||
| 942 |
_2ddc _cEN _h515.35 _mSIM |
||
| 999 |
_c129601 _d129601 |
||